<?xml version="1.0" encoding="UTF-8"?>
<record
    xmlns:xsi="http://www.w3.org/2001/XMLSchema-instance"
    xsi:schemaLocation="http://www.loc.gov/MARC21/slim http://www.loc.gov/standards/marcxml/schema/MARC21slim.xsd"
    xmlns="http://www.loc.gov/MARC21/slim">

  <leader>01388nam a22002777a 4500</leader>
  <controlfield tag="005">20160119135300.0</controlfield>
  <datafield tag="010" ind1=" " ind2=" ">
    <subfield code="a">ENG-114477-480</subfield>
  </datafield>
  <datafield tag="020" ind1=" " ind2=" ">
    <subfield code="a">9789351435594</subfield>
    <subfield code="c">9950.00 (set price)</subfield>
  </datafield>
  <datafield tag="020" ind1=" " ind2=" ">
    <subfield code="a">9789351435600 (v.1)</subfield>
    <subfield code="c">9950.00 (set price)</subfield>
  </datafield>
  <datafield tag="020" ind1=" " ind2=" ">
    <subfield code="a">9789351435617 (v.2)</subfield>
    <subfield code="c">9950.00 (set price)</subfield>
  </datafield>
  <datafield tag="020" ind1=" " ind2=" ">
    <subfield code="a">9789351435624 (v.3)</subfield>
    <subfield code="c">9950.00 (set price)</subfield>
  </datafield>
  <datafield tag="020" ind1=" " ind2=" ">
    <subfield code="a">9789351435631 (v.4)</subfield>
    <subfield code="c">9950.00 (set price)</subfield>
  </datafield>
  <datafield tag="035" ind1=" " ind2=" ">
    <subfield code="a">EN-98009-012</subfield>
  </datafield>
  <datafield tag="037" ind1=" " ind2=" ">
    <subfield code="b">DBAD/PUB</subfield>
  </datafield>
  <datafield tag="082" ind1=" " ind2=" ">
    <subfield code="a">346.54066</subfield>
  </datafield>
  <datafield tag="100" ind1=" " ind2=" ">
    <subfield code="a">Bhandari, M.C.</subfield>
  </datafield>
  <datafield tag="245" ind1=" " ind2=" ">
    <subfield code="a">Guide to company law procedures : </subfield>
    <subfield code="c">by M.C. Bhandari</subfield>
    <subfield code="b">procedures, rules, compliances and governance under the Companies Act, 2013 /</subfield>
  </datafield>
  <datafield tag="250" ind1=" " ind2=" ">
    <subfield code="a">23rd ed</subfield>
  </datafield>
  <datafield tag="260" ind1=" " ind2=" ">
    <subfield code="a">Gurgaon</subfield>
    <subfield code="b">LexisNexis</subfield>
    <subfield code="c">2015</subfield>
  </datafield>
  <datafield tag="270" ind1=" " ind2=" ">
    <subfield code="a">14th Floor, Building No.10, Tower-B, DLF Cyber City, Phase-II </subfield>
    <subfield code="b">Gurgaon</subfield>
    <subfield code="e">122002</subfield>
  </datafield>
  <datafield tag="300" ind1=" " ind2=" ">
    <subfield code="a">4V.(liii,2495p.; cxii,1693p.; cii,1495p.; xxxix,1408p.)</subfield>
    <subfield code="c">25cm(Hb)</subfield>
  </datafield>
  <datafield tag="500" ind1=" " ind2=" ">
    <subfield code="a">Includes index </subfield>
  </datafield>
  <datafield tag="505" ind1=" " ind2=" ">
    <subfield code="a">v.1-Procedures under the companies act. 2013 and regulations issued by SEBI, RBI and other regulatory bodies.
v.2-Company resolutions, agenda and meetings, notices and minutes.
v.3 contains filing of e-forms, returns, applications and petitions
v.4 contains company precedents, agreements, deeds and documentation with practice notes.
</subfield>
  </datafield>
  <datafield tag="650" ind1=" " ind2=" ">
    <subfield code="a">Corporation law </subfield>
    <subfield code="z">India.</subfield>
  </datafield>
  <datafield tag="942" ind1=" " ind2=" ">
    <subfield code="2">ddc</subfield>
    <subfield code="c">EN</subfield>
    <subfield code="m">BHA </subfield>
    <subfield code="h">346.54066</subfield>
  </datafield>
  <datafield tag="999" ind1=" " ind2=" ">
    <subfield code="c">98124</subfield>
    <subfield code="d">98124</subfield>
  </datafield>
  <datafield tag="952" ind1=" " ind2=" ">
    <subfield code="0">0</subfield>
    <subfield code="1">0</subfield>
    <subfield code="3">v.1</subfield>
    <subfield code="4">0</subfield>
    <subfield code="7">1</subfield>
    <subfield code="8">NFIC</subfield>
    <subfield code="a">DBAD</subfield>
    <subfield code="b">DBAD</subfield>
    <subfield code="d">2015-11-09</subfield>
    <subfield code="e">DBAD/PUB</subfield>
    <subfield code="g">9950.00</subfield>
    <subfield code="l">0</subfield>
    <subfield code="o">346.54066 BHA</subfield>
    <subfield code="p">EN-98009</subfield>
    <subfield code="r">2015-11-09 00:00:00</subfield>
    <subfield code="t">1</subfield>
    <subfield code="v">9950.00</subfield>
    <subfield code="y">EN</subfield>
  </datafield>
  <datafield tag="952" ind1=" " ind2=" ">
    <subfield code="0">0</subfield>
    <subfield code="1">0</subfield>
    <subfield code="3">v.2</subfield>
    <subfield code="4">0</subfield>
    <subfield code="7">1</subfield>
    <subfield code="8">NFIC</subfield>
    <subfield code="a">DBAD</subfield>
    <subfield code="b">DBAD</subfield>
    <subfield code="d">2015-11-09</subfield>
    <subfield code="e">DBAD/PUB</subfield>
    <subfield code="g">9950.00</subfield>
    <subfield code="l">0</subfield>
    <subfield code="o">346.54066 BHA</subfield>
    <subfield code="p">EN-98010</subfield>
    <subfield code="r">2015-11-09 00:00:00</subfield>
    <subfield code="t">1</subfield>
    <subfield code="v">9950.00</subfield>
    <subfield code="y">EN</subfield>
  </datafield>
  <datafield tag="952" ind1=" " ind2=" ">
    <subfield code="0">0</subfield>
    <subfield code="1">0</subfield>
    <subfield code="3">v.3</subfield>
    <subfield code="4">0</subfield>
    <subfield code="7">1</subfield>
    <subfield code="8">NFIC</subfield>
    <subfield code="a">DBAD</subfield>
    <subfield code="b">DBAD</subfield>
    <subfield code="d">2015-11-09</subfield>
    <subfield code="e">DBAD/PUB</subfield>
    <subfield code="g">9950.00</subfield>
    <subfield code="l">0</subfield>
    <subfield code="o">346.54066 BHA</subfield>
    <subfield code="p">EN-98011</subfield>
    <subfield code="r">2015-11-09 00:00:00</subfield>
    <subfield code="t">1</subfield>
    <subfield code="v">9950.00</subfield>
    <subfield code="y">EN</subfield>
  </datafield>
  <datafield tag="952" ind1=" " ind2=" ">
    <subfield code="0">0</subfield>
    <subfield code="1">0</subfield>
    <subfield code="3">v.4</subfield>
    <subfield code="4">0</subfield>
    <subfield code="7">1</subfield>
    <subfield code="8">NFIC</subfield>
    <subfield code="a">DBAD</subfield>
    <subfield code="b">DBAD</subfield>
    <subfield code="d">2015-11-09</subfield>
    <subfield code="e">DBAD/PUB</subfield>
    <subfield code="g">9950.00</subfield>
    <subfield code="l">0</subfield>
    <subfield code="o">346.54066 BHA</subfield>
    <subfield code="p">EN-98012</subfield>
    <subfield code="r">2015-11-09 00:00:00</subfield>
    <subfield code="t">1</subfield>
    <subfield code="v">9950.00</subfield>
    <subfield code="y">EN</subfield>
  </datafield>
</record>
